Statistiques concernant Astérix Mission Cléopâtre - Réplique à compléter

Cliquez ici pour prendre le quiz!

Statistiques générales

  • Ce quiz a été pris 828 fois
  • Le résultat moyen est 5 sur 20

Statistiques - réponses

HintRéponse% Correct
Pas de pierre, pas de construction. Pas de construction, pas de palais. Pas de palais...Pas de palais
89%
Ce tombeau sera...Votre tombeau
88%
Le lion ne s'associe pas avec...Le cafard
70%
Il est bizarre ce sol...Il est pas palpable
55%
Une bolinette...C'est un petit bol
40%
- Tiens c'est croquant au milieu
- ...
C'est le noyau
31%
Il est où le magneau...Ils ont mangé le magneau
31%
Qu’il aille se le faire construire à Rome son palais, chacun chez soi...Et les hippopotames seront bien gardés
23%
Et là, une grande allée avec plein de statues...Qu'on appellera la grande allée avec plein de statues
23%
Parée à l'abordage papa ! ...Souquez les artimuses
22%
Tu as trois mois jour pour jour...Top chronos
22%
C'est trop calme, j'aime pas trop beaucoup ça...Je préfère quand c'est un peu trop plus moins calme
11%
Ratés, vous nous avez ratés...Hé les Romains vous êtes des Romaines
9%
Moi je vais rester pour raviver le feu...Parce que des fois il se déravive
9%
Ca va être bien, ça va être très bien même...Bien sûr faut imaginer
6%
Excuse-moi d’en faire un sac, mais...Je vais finir dans un crocodile peut-être
5%
Cette nuit j'ai fait un rêve, je gagnais un million de sesterces. Et avec j'ai acheté une paire de chaussures...Trop grandes et puis moches en plus
3%
- C'est joli le paysage
- ...
C'est central quoi
2%
Garçons, la dernière fois pas de chance nous sommes tombés sur ces gaulois, gavés de potion magique. Et leur molosse ! ...Submergés par leur nombre de deux nous n’avons rien pu faire
2%
- C'est Idéfix qui va porter le message à Cléopâtre
- ...
D'accord, donc vous voulez pas du tout que je vive
1%

Distribution des résultats

Percentile par nombre de réponses

% des personnes avec chaque résultat

Votre développement - résultats

Vous n’avez pas pris ce quiz